Two Word Movies 2 - Statistics

General Stats
  • This quiz has been taken 20 times
  • The average score is 14 of 46
Answer Stats
Picture Answer % Correct
King Kong
79%
Space Jam
79%
Bohemian Rhapsody
74%
Pulp Fiction
74%
Madame Web
63%
Monsters University
58%
Tropic Thunder
58%
Cocaine Bear
53%
Enola Holmes
53%
Jennifer's Body
42%
Kangaroo Jack
42%
Lady Bird
42%
Charlie's Angels
37%
Love, Simon
37%
Pitch Perfect
37%
Van Helsing
37%
Ad Astra
32%
American Sniper
32%
In Bruges
32%
Jersey Boys
32%
Warm Bodies
32%
Old School
26%
Open Season
26%
Robin Hood
26%
Death Race
21%
Get Hard
21%
Guns Akimbo
21%
Real Steel
21%
Uncut Gems
21%
Yes Man
21%
Dante's Peak
16%
Four Brothers
16%
Nanny McPhee
16%
Three Kings
16%
Year One
16%
Seventh Son
11%
Victor Frankenstein
11%
Whip It
11%
Boss Level
5%
Eight Below
5%
Fright Night
5%
Hotel Artemis
5%
Inside Man
5%
No Escape
5%
Hunter Killer
0%
Unicorn Store
0%
No matching quizzes found
Score Distribution
Percent of People with Each Score
Percentile by Number Answered
Your Score History
You have not taken this quiz